01656cam a2200313 a 45000010009000000050017000090080041000260100017000670150019000840160018001030200052001210200049001730200047002220200044002690350024003130500021003371000025003582450131003832600090005143000055006045000124006595040064007835050309008476500059011567000025012157000025012407000029012657100048012941557965920170121152031.0090108s2009 nyuab bc 001 0 eng  a 2009000590 aGBA9060682bnb7 a0148834412Uk a9781588393104 (Metropolitan Museum of Art (hc)) a1588393100 (Metropolitan Museum of Art (hc)) a9780300148916 (Yale University Press (hc)) a0300148917 (Yale University Press (hc)) a(OCoLC)ocn29924289700aN7363.4.L44 20091 aLee, Soyoung,d1971-10aArt of the Korean Renaissance, 1400-1600 /cSoyoung Lee ; with essays by JaHyun Kim Haboush, Sunpyo Hong, and Chin-Sung Chang. aNew York :bMetropolitan Museum of Art ;aNew Haven :bYale University Press,cc2009. axii, 128 p. :bill. (chiefly col.), maps ;c28 cm. aPublished in conjunction with an exhibition on view at the Metropolitan Museum of Art, New York, Mar. 17-June 21, 2009. aIncludes bibliographical references (p. 115-121) and index.0 aCreating a society of civil culture : the early Joseon, 1392-1592 / JaHyun Kim Haboush -- Art and patronage in the early Joseon / Soyoung Lee -- Peace under heaven : Confucianism and painting in early Joseon Korea / Sunpyo Hong and Chin-Sung Chang -- Checklist of objects in the exhibition / Soyoung Lee. 0aArt, KoreanyChosŏn dynasty, 1392-1910vExhibitions.1 aHaboush, JaHyun Kim.1 aHong, Sunpyo,d1949-1 aChang, Chin-Sung,d1966-2 aMetropolitan Museum of Art (New York, N.Y.)